000 00956nam a2200229Ia 4500
001 15648
003 GE_BSU
008 181216s||||||||xx |||||||||||||| ||und||
040 _cGE_BSU
080 _a821.353.1-1
100 _aწერეთელი, ა.
245 _aთხზულებათა სრული კრებული : 15 ტომად. ტ.4
245 _bლექსები
245 _cრედ.: შ. რადიანი ; ტექსტები და ვარიანტები დაამუშავა ს. ყუბანეიშვილმა. ტომის რედ. გ. აბზიანიძე
260 _aთბილისი
260 _bსახელგამი
260 _c1955
300 _a499 გვ. : 1 ფ. პორტრ.20 სმ
653 _aთხზულებათა სრული კრებული
653 _aლექსები
942 _cBK
999 _c48747
_d48747